Children and their primary schools : a report of the Central Advisory Council for Education (England).

Bibliographic Details
Corporate Author: Great Britain. Central Advisory Council for Education (England)
Format: Book
Language:English
Published: London : H.M.S.O., 1967.
Subjects:

MARC

Tag First Indicator Second Indicator Subfields
LEADER 00000cam a2200000 4500
001 in00000469021
005 20151012170608.0
008 731001s1967 enkafk b 00010 eng
010 |a  67077815  
015 |a B67-2361--B67-2362 
035 |a (OCoLC)00403752 
035 |9 ABZ9879AM 
040 |a DLC  |c DLC  |d TXA  |d UtOrBLW 
043 |a e-uk--- 
049 |a TXAM  |c 1  |v 1 [1108937]  |v 2 [1108938] 
050 0 0 |a LA635  |b .A45 1967 
082 0 |a 372.9/42 
110 1 |a Great Britain.  |b Central Advisory Council for Education (England) 
245 1 0 |a Children and their primary schools :  |b a report of the Central Advisory Council for Education (England). 
264 1 |a London :  |b H.M.S.O.,  |c 1967. 
300 |a 2 volumes :  |b illustrations (forms) tables, diagrams, plates (part color) ;  |c 24 1/2 cm. 
336 |a text  |b txt  |2 rdacontent 
337 |a unmediated  |b n  |2 rdamedia 
338 |a volume  |b nc  |2 rdacarrier 
504 |a Includes bibliographies. 
505 0 |a v. 1. The report.--v. 2. Research and Surveys. 
650 0 |a Education  |z Great Britain. 
999 |a MARS 
999 f f |s 060c09de-7e06-36af-8ee1-849542120d81  |i 3d9b5787-70bb-3379-b0b9-d66cc189c879  |t 0 
952 f f |p normal  |a Texas A&M University  |b College Station  |c Sterling C. Evans Library  |d Evans: Library Stacks  |t 0  |e LA635 .A45 1967  |h Library of Congress classification  |i unmediated -- volume  |k v.1  |m A14803222878 
952 f f |p normal  |a Texas A&M University  |b College Station  |c Sterling C. Evans Library  |d Evans: Library Stacks  |t 0  |e LA635 .A45 1967  |h Library of Congress classification  |i unmediated -- volume  |k v.2  |m A14803222886 
998 f f |a LA635 .A45 1967  |s v.1-v.2  |t 0  |l Evans: Library Stacks